Digital photography

Bibliographic Details
Main Author: Ang, Tom
Format: Book
Language:English
Published: London : Octopus Publishing Group Ltd , c1999
Subjects:

MARC

LEADER 00000cam a2200000 7i4500
001 0000011763
005 20230616.0
008 030826 enk eng
020 |a 184000178X (hbk) 
040 |a INS 
090 0 0 |a TR267   |b .A53 1999 
100 1 |a Ang, Tom 
245 1 0 |a Digital photography   |c Tom Ang 
260 |a London :   |b Octopus Publishing Group Ltd ,   |c c1999 
300 |a 159 p. :   |b ill. (some col.) ;   |c 28 cm. 
500 |a Includes index 
650 0 |a Image processing   |x Digital techniques 
650 0 |a Photography   |x Digital techniques 
999 |a 0000011379   |b BOOK   |c Open Shelf   |e Default branch